Normal view
MARC view
- الاسلام-السيرة النبوية-ال البي-تراجم
Entry Topical Term
001 - CONTROL NUMBER
- control field: 18723
003 - CONTROL NUMBER IDENTIFIER
- control field: JO-AjAnu
005 - DATE AND TIME OF LATEST TRANSACTION
- control field: 20230606073301.0
008 - FIXED-LENGTH DATA ELEMENTS
- fixed length control field: 230606|| aca||aabn | a|a d
040 ## - CATALOGING SOURCE
- Original cataloging agency: JO-AjAnu
- Transcribing agency: JO-AjAnu
150 ## - HEADING--TOPICAL TERM
- Topical term or geographic name entry element: الاسلام-السيرة النبوية-ال البي-تراجم
670 ## - SOURCE DATA FOUND
- Source citation: Work cat.: (JO-AjAnu)9610: الهواري،تيسير, author 18722, عمات النبي صلى الله عليه وسلم